LEADER 01780oam 2200469M 450 001 9910716463803321 005 20200213070955.9 035 $a(CKB)5470000002521506 035 $a(OCoLC)1065628958 035 $a(OCoLC)995470000002521506 035 $a(EXLCZ)995470000002521506 100 $a20071213d1927 ua 0 101 0 $aeng 135 $aurcn||||||||| 181 $ctxt$2rdacontent 182 $cc$2rdamedia 183 $acr$2rdacarrier 200 10$aTo authorize certain officers of Navy to accept medals, etc., from China and Haiti. February 2, 1927. -- Committed to the Committee of the Whole House and ordered to be printed 210 1$a[Washington, D.C.] :$c[U.S. Government Printing Office],$d1927. 215 $a1 online resource (1 page) 225 1 $aHouse report / 69th Congress, 2nd session. House ;$vno. 1934 225 1 $a[United States congressional serial set] ;$v[serial no. 8690] 300 $aBatch processed record: Metadata reviewed, not verified. Some fields updated by batch processes. 300 $aFDLP item number not assigned. 606 $aAwards 606 $aMilitary decorations 606 $aNavies$xOfficers 608 $aLegislative materials.$2lcgft 615 0$aAwards. 615 0$aMilitary decorations. 615 0$aNavies$xOfficers. 701 $aUpdike$b Ralph Eugene$f1894-1953$pRepublican (IN)$01386819 801 0$bWYU 801 1$bWYU 801 2$bOCLCO 801 2$bOCLCQ 801 2$bOCLCO 801 2$bOCLCQ 906 $aBOOK 912 $a9910716463803321 996 $aTo authorize certain officers of Navy to accept medals, etc., from China and Haiti. February 2, 1927. -- Committed to the Committee of the Whole House and ordered to be printed$93447428 997 $aUNINA LEADER 04075nam 2200769Ia 450 001 9910956359403321 005 20251117115047.0 010 $a1-134-51558-8 010 $a9786610195398 010 $a0-415-25808-1 010 $a1-134-51559-6 010 $a1-280-19539-8 010 $a0-203-16741-4 024 7 $a10.4324/9780203167410 035 $a(CKB)111087026844264 035 $a(StDuBDS)AH3703223 035 $a(SSID)ssj0000299129 035 $a(PQKBManifestationID)11251464 035 $a(PQKBTitleCode)TC0000299129 035 $a(PQKBWorkID)10237764 035 $a(PQKB)10221227 035 $a(SSID)ssj0001145889 035 $a(PQKBManifestationID)12374723 035 $a(PQKBTitleCode)TC0001145889 035 $a(PQKBWorkID)11123634 035 $a(PQKB)11480238 035 $a(Au-PeEL)EBL170999 035 $a(CaPaEBR)ebr10053725 035 $a(CaONFJC)MIL19539 035 $a(OCoLC)252713833 035 $a(OCoLC)53022741 035 $a(MiAaPQ)EBC170999 035 $a(PPN)198461143 035 $a(EXLCZ)99111087026844264 100 $a20030515d2002 uy 0 101 0 $aeng 135 $aur||||||||||| 181 $ctxt 182 $cc 183 $acr 200 10$aHuman rights in Japan, South Korea, and Taiwan /$fIan Neary 210 $aLondon ;$aNew York $cRoutledge$d2002 215 $a1 online resource (320 p.) 225 1 $aRoutledge advances in Asia-Pacific studies ;$v5 300 $aBibliographic Level Mode of Issuance: Monograph 311 08$a0-415-40669-2 311 08$a0-203-28297-3 320 $aIncludes bibliographical references (p. [276]-287) and index. 327 $a1. Introduction -- 2. Human rights in Japan -- 3. Human rights in South Korea -- 4. Human rights in Taiwan (Republic of China) -- 5. Patients' rights -- 6. Patients' rights in Japan -- 7. Patients' rights in Korea -- 8. Patients' rights in Taiwan -- 9. Patients' rights in Japan, South Korea and Taiwan : comparative aspects -- 10. Children's rights -- 11. Children's rights in Japan -- 12. Children's rights in Korea -- 13. Children's rights in Taiwan -- 14. Children's rights in Japan, South Korea and Taiwan : comparative aspects -- 15. Conclusion. 330 $aLooks at the history of the introduction of human rights ideas into Japan, South Korea and Taiwan. This book examines how state and society incorporate international standards on children's and patients' rights into legal systems and social practice. It is of interest to students and scholars of Asian studies, human rights, sociology and politics. 330 $bIan Neary looks in detail at the history of the introduction of human rights ideas into Japan, South Korea and Taiwan and examines how, and to what effect, state and society have incorporated the specific international standards on childrens' and patients' rights into legal systems and social practice. This comprehensively researched, accessibly written book will be a valuable resource for students and scholars of Asian studies, human rights, sociology and politics. Ian Neary looks in detail at the history of the introduction of human rights ideas into Japan, South Korea and Taiwan and examines how, and to what effect, state and society have incorporated the specific international standards on childrens' and patients' rights into legal systems and social practice. This comprehensively researched, accessibly written book will be a valuable resource for students and scholars of Asian studies, human rights, sociology and politics. 410 0$aRoutledge advances in Asia-Pacific studies ;$v5. 606 $aHuman rights$zJapan 606 $aHuman rights$zTaiwan 606 $aHuman rights$zKorea (South) 615 0$aHuman rights 615 0$aHuman rights 615 0$aHuman rights 676 $a323/.095 700 $aNeary$b Ian$0906290 801 0$bMiAaPQ 801 1$bMiAaPQ 801 2$bMiAaPQ 906 $aBOOK 912 $a9910956359403321 996 $aHuman rights in Japan, South Korea, and Taiwan$94494322 997 $aUNINA